| 000 | 01203nam a2200349 4500 | ||
|---|---|---|---|
| 001 | 178277 | ||
| 003 | ES-MaACL | ||
| 005 | 20251204190901.0 | ||
| 008 | 110524s2009 sp |||| | spa d | ||
| 020 | _a978-84-8319-440-9 | ||
| 080 | _a338.2:504 | ||
| 080 | _a330.82(100) | ||
| 080 | _a366 | ||
| 080 | _a551.583 | ||
| 100 | 1 |
_aGarcía Camarero, Julio. _9146710 |
|
| 245 | 1 | 3 |
_aEl crecimiento mata y genera crisis terminal / _cJulio García Camarero. |
| 260 |
_aMadrid : _bLos Libros de la Catarata, _c[2009] |
||
| 300 |
_a242 p. ; _c21 cm. |
||
| 490 | 1 |
_aInvestigación y debate ; _v36 |
|
| 504 | _aBibliografía: p. 239-240. | ||
| 650 | 0 | 7 |
_aDesarrollo sostenible. _911817 |
| 650 | 7 |
_aLiberalismo económico _2embne _9135483 |
|
| 650 | 0 | 7 |
_aConsumismo. _911302 |
| 650 | 0 | 7 |
_aMedio ambiente- _xDegradación. _914951 |
| 700 | 1 |
_aTaibo, Carlos, _d1965- _9242581 |
|
| 830 | 0 |
_aInvestigación y debate ; _v36 _9176669 |
|
| 852 |
_aES-MaACL _9185136 _bR.145393 _jA-11236 _dOlim: N-4240 _cDEPO1 _xDonación: Julio García Camarero |
||
| 903 |
_9146710 _aGarcía Camarero, Julio _ednr |
||
| 942 |
_2udc _cMONOGRAFIA |
||
| 999 |
_c178277 _d178277 |
||